| 000 | 00633nam a2200193 a 4500 | ||
|---|---|---|---|
| 001 | 000327185 | ||
| 003 | AM-YeHGA | ||
| 005 | 20250617130657.0 | ||
| 008 | 040414s1895 ||| r 000 0 arm d | ||
| 040 | _aAM-YeHGA | ||
| 041 | 0 | _aarm | |
| 100 | 1 |
_aՄամիկոնեան, Պետրոս _cՔահանա |
|
| 245 | 1 | 0 |
_aՌումանահայոց ներկայն եւ ապագայն / _cՊետրոս քահանա Մամիկոնեան. |
| 260 |
_aԿալաց : _bտպ. Ղեւոնդ քհնյ. Փափազեան, _c1895. |
||
| 300 | _a204 էջ. | ||
| 650 | 1 | 4 |
_aԳաղթօջախներ _zՌումինիա |
| 942 |
_2udc _cBK |
||
| 090 | _c123496 | ||
| 999 |
_c122143 _d122143 |
||